Subjetividad y cultura

Guardat en:
Dades bibliogràfiques
Format: Text
Publicat: Plaza y Valdes
Matèries:
Etiquetes: Afegir etiqueta
Sense etiquetes, Sigues el primer a etiquetar aquest registre!

MARC

LEADER 00000 a a2200000 04500
001 34945
003
040
020 |a 968-856-859-7  
090 |a 0001 S941s  
245 |a Subjetividad y cultura  
260 |a Plaza y Valdes  
300 |a 118 p.   |b il.  
650 |a INTERNET  
650 |a COMPUTADORAS  
650 |a MEDIOS DE COMUNICACION  
999 |c 17081  |d 17081